[Event "21st Abu Dhabi Masters 2014"]
[Site "Abu Dhabi UAE"]
[Date "2014.08.28"]
[Round "9.29"]
[White "Hojjatova, Aydan"]
[Black "Hejazipour, Mitra"]
[Result "1/2-1/2"]
[WhiteTitle "WCM"]
[BlackTitle "WIM"]
[WhiteElo "2014"]
[BlackElo "2269"]
[WhiteFideId "13401491"]
[BlackFideId "12505951"]
[EventDate "2014.08.20"]

1. e4 c5 2. b3 d6 3. Bb5+ Nc6 4. Bb2 Nf6 5. Nc3 Bd7 6. a4 a6 7. Bxc6 Bxc6 8. Qe2
d5 9. exd5 Nxd5 10. Nxd5 Bxd5 11. Nf3 e6 12. Rd1 Be7 13. O-O O-O 14. d4 Qc7 15.
dxc5 Bxc5 16. Qe5 Qxe5 17. Nxe5 Rfd8 18. Nd3 Be7 19. Rfe1 b5 20. axb5 axb5 21.
f3 Rac8 22. Re2 Bb7 23. Red2 Bg5 24. Re2 Rd7 25. Ra1 Bd8 26. Kf1 Bb6 27. Nb4 Bc7
28. Be5 Bb6 29. Bb2 Rc5 30. Nd3 Rcd5 31. Re5 Rxe5 32. Bxe5 f6 33. Bg3 e5 1/2-1/2

[Event "21st Abu Dhabi Masters 2014"]
[Site "Abu Dhabi UAE"]
[Date "2014.08.28"]
[Round "9.30"]
[White "Gadimbayli, Abdulla"]
[Black "Faraj, Yahya"]
[Result "0-1"]
[WhiteTitle "FM"]
[BlackTitle "FM"]
[WhiteElo "2162"]
[BlackElo "2247"]
[WhiteFideId "13404938"]
[BlackFideId "9400184"]
[EventDate "2014.08.20"]

1. e4 e5 2. Nf3 Nc6 3. Bb5 a6 4. Ba4 Nf6 5. O-O b5 6. Bb3 Be7 7. Re1 O-O 8. c3
d6 9. d4 Bg4 10. Be3 Na5 11. dxe5 Bxf3 12. Qxf3 dxe5 13. Bc2 Nc4 14. Bc1 Qd7 15.
b3 Nd6 16. Nd2 b4 17. c4 Nb7 18. Nf1 Qg4 19. Qxg4 Nxg4 20. h3 Nf6 21. Bb2 Bd6
22. Ne3 Nc5 23. Nf5 a5 24. Rad1 Rfd8 25. f4 Re8 26. Nxd6 cxd6 27. Rxd6 exf4 28.
e5 Nh5 29. Rd5 Ne6 30. Rd7 Ng3 31. Kf2 g5 32. Red1 0-1

[Event "21st Abu Dhabi Masters 2014"]
[Site "Abu Dhabi UAE"]
[Date "2014.08.28"]
[Round "9.31"]
[White "Hakimifard, Ghazal"]
[Black "Marwan, Abdulwahab"]
[Result "1-0"]
[WhiteTitle "WIM"]
[BlackTitle "FM"]
[WhiteElo "2232"]
[BlackElo "2070"]
[WhiteFideId "12506540"]
[BlackFideId "9301410"]
[EventDate "2014.08.20"]

1. e4 c5 2. Nf3 e6 3. d4 cxd4 4. Nxd4 a6 5. Bd3 Nc6 6. Nxc6 dxc6 7. O-O e5 8.
Kh1 Nf6 9. a4 h6 10. f4 Ng4 11. Qe1 Bc5 12. Nc3 Qb6 13. Nd1 Be6 14. f5 Bd7 15.
a5 Qc7 16. b4 Bd4 17. c3 Ba7 18. Ne3 Nxe3 19. Bxe3 Bxe3 20. Qxe3 O-O-O 21. c4
Kb8 22. Be2 Bc8 23. Rfb1 Rd6 24. b5 Ka8 25. bxa6 bxa6 26. c5 Rd4 27. Rb6 Rhd8
28. Qf3 Ka7 29. Qf1 Rxe4 30. Bxa6 Rd2 31. Bxc8 Qxc8 32. Qf3 Ree2 33. Rg1 e4 34.
Qb3 e3 35. Rb1 Rb2 36. Qxf7+ Ka8 37. R6xb2 1-0